| 000 | 00500nam a2200169 i 4500 | ||
|---|---|---|---|
| 001 | 103801 | ||
| 003 | ES-MaACL | ||
| 005 | 20230906183440.0 | ||
| 007 | t| | ||
| 008 | 051118s1961 sp ||||1| spa d | ||
| 100 | 1 |
_aMesnard, Pierre. _980666 |
|
| 245 | 1 | 0 |
_aEducación y carácter / _cPierre Mesnard; [traducción directa por Antonio Ribera]. |
| 260 |
_aBarcelona : _bMiracle, _c1961. |
||
| 300 |
_a161 p. ; _c18 cm. |
||
| 700 | 1 |
_aRibera, Antonio. _996769 |
|
| 852 |
_aES-MaACL _jC-20182 _bR.48450 |
||
| 999 |
_c103801 _d103801 |
||